|
|
|
|
| LEADER |
01773nam a2200409 i 4500 |
| 001 |
EBC5984801 |
| 003 |
MiAaPQ |
| 005 |
20191219142818.0 |
| 006 |
m o d | |
| 007 |
cr cnu|||||||| |
| 008 |
191219s2020 nyu o 000 0 eng d |
| 020 |
|
|
|z 9781138603844
|
| 020 |
|
|
|a 9780429850318 (e-book)
|
| 035 |
|
|
|a (MiAaPQ)EBC5984801
|
| 035 |
|
|
|a (Au-PeEL)EBL5984801
|
| 035 |
|
|
|a (OCoLC)1129207977
|
| 040 |
|
|
|a MiAaPQ
|b eng
|e rda
|e pn
|c MiAaPQ
|d MiAaPQ
|
| 050 |
|
4 |
|a JC330.3
|b .S767 2020
|
| 082 |
0 |
|
|a 303.34
|2 23
|
| 100 |
1 |
|
|a Storey, John,
|e author.
|
| 245 |
1 |
0 |
|a Innovating healthcare :
|b the role of political, managerial and clinical leadership /
|c John Storey, Richard Holti.
|
| 264 |
|
1 |
|a New York, New York ;
|a London :
|b Routledge,
|c [2020]
|
| 264 |
|
4 |
|c 2020
|
| 300 |
|
|
|a 1 online resource (211 pages).
|
| 336 |
|
|
|a text
|b txt
|2 rdacontent
|
| 337 |
|
|
|a computer
|b c
|2 rdamedia
|
| 338 |
|
|
|a online resource
|b cr
|2 rdacarrier
|
| 490 |
1 |
|
|a Routledge studies in health management
|
| 588 |
|
|
|a Description based on print version record.
|
| 590 |
|
|
|a Electronic reproduction. Ann Arbor, MI : ProQuest, 2018. Available via World Wide Web. Access may be limited to ProQuest affiliated libraries.
|
| 650 |
|
0 |
|a Political leadership.
|
| 655 |
|
4 |
|a Electronic books.
|
| 700 |
1 |
|
|a Holti, Richard,
|e author.
|
| 776 |
0 |
8 |
|i Print version:
|a Storey, John.
|t Innovating healthcare : the role of political, managerial and clinical leadership.
|d New York, New York ; London : Routledge, c2020
|h 211 pages
|k Routledge studies in health management.
|z 9781138603844
|w (DLC) 2019954921
|
| 797 |
2 |
|
|a ProQuest (Firm)
|
| 830 |
|
0 |
|a Routledge studies in health management.
|
| 856 |
4 |
0 |
|u https://ebookcentral.proquest.com/lib/matrademy/detail.action?docID=5984801
|z Click to View
|